000 00469nmm a2200169Ia 4500
008 251105s9999||||xx |||||||||||||||||und||
020 _a8497421337
041 _aspa
100 _aPiera, Julia
245 0 _aAl vértice de la arena
264 _a[Madrid, España] :
_bBiblioteca Nueva,
_c2003
300 _a95 páginas
490 _aPoesía clásica y moderna
650 _aSpanish poetry
856 _uhttps://public.digitaliapublishing.com/a/4971
942 _cCF
999 _c74078
_d74078